000 00303nam a22001337a 4500
008 170920b xxu||||| |||| 00| 0 eng d
020 _a2900072910239
041 _aeng
080 _25 ED
_a7
100 _a45
101 _aART
245 _aTHE HUMANISTIC TRADITION
_cFIERO.A.K
942 _2udc
_cBK
999 _c28406
_d28406